000 00580nam a22001817a 4500
999 _c3183
_d3183
003 OSt
005 20231031111810.0
008 231031b ||||| |||| 00| 0 eng d
020 _a9780435393403
040 _cKH8
082 _a400 BEL
100 _aBell, Clive,
_eauthor.
245 _aExpo 3:
_bVert Workbook /
_cClive Bell.
260 _aHarlow ;
_bHeinemann Educational Books,
_c2008.
300 _c7.68 x 0.79 x 10.43 inches.
520 _aExpo 3 Vert is a fully differentiated Key Stage 3 French course packed with content your pupils will enjoy learning.
942 _2ddc
_cTR